000 00632nam a22001817a 4500
005 20120601113255.0
020 _c495.00
035 _aB-78960
037 _aDPL
_bENG
100 _aSingh, Jagdish
_948284
245 _aMedical negligence and compensation /
_cby Jagdish Singh and Vishwa Bhushan
250 _arprn.
260 _aJaipur
_bBharat Law Publications
_c2002
300 _axxxix, 780p.
_c20 cms.
700 _aBhushan, Vishwa
_948285
942 _2ddc
_cEN
_h344.54041
_mJAG
999 _c67400
_d67400